Nach dem Ende der Uruguay-Runde: Das GATT am Ende?
Guardado en:
| Autor principal: | |
|---|---|
| Formato: | Libro |
| Lenguaje: | alemán |
| Publicado: |
Kiel
Institut für Weltwirtschaft
1994
|
| Edición: | 1. Aufl. |
| Colección: | Kieler Diskussionsbeiträge
228 |
| Materias: | |
| Etiquetas: |
Sin Etiquetas, Sea el primero en etiquetar este registro!
|
MARC
| LEADER | 00000nam a2200000 4500 | ||
|---|---|---|---|
| 001 | c012481 | ||
| 005 | 20221205140833.1 | ||
| 020 | |a 3-89456-068-1 | ||
| 041 | 0 | |a ger | |
| 044 | |a DE | ||
| 245 | 1 | 0 | |a Nach dem Ende der Uruguay-Runde: Das GATT am Ende? |c Rolf J. Langhammer |
| 250 | |a 1. Aufl. | ||
| 264 | 1 | |a Kiel |b Institut für Weltwirtschaft |c 1994 | |
| 300 | |a 25 s. | ||
| 490 | 1 | |a Kieler Diskussionsbeiträge |v 228 | |
| 830 | 0 | |a Kieler Diskussionsbeiträge |v 228 | |
| 610 | 2 | 0 | |a obchod svetový |
| 610 | 2 | 0 | |a krajiny rozvojové |
| 610 | 2 | 0 | |a tovar |
| 610 | 2 | 0 | |a služby |
| 610 | 2 | 0 | |a tovar poľnohospodársky |
| 610 | 2 | 0 | |a trh |
| 610 | 2 | 0 | |a integrácia |
| 610 | 2 | 0 | |a organizácie obchodné |
| 610 | 2 | 0 | |a spoločnosti obchodné |
| 610 | 2 | 0 | |a konkurencia |
| 610 | 2 | 0 | |a Všeobecná dohoda o clách a obchode |
| 610 | 2 | 0 | |a Uruguaj |
| 100 | 1 | |a Langhammer, Rolf J. | |